000 00598nam a22001937a 4500
005 20251108170044.0
008 250721s9999 xx 000 0 ara d
082 1 4 _aط/ق/عبد
100 1 _aعبد الباري، عفاف
245 1 0 _aالقط الشرير /
264 1 _aالقاهره :
_bنهضة مصر،
_c[19-].
300 _a16ص . : مص
490 0 _aمغامرات في الغابة ؛
_v4
650 1 7 _aالقصص العربية
653 _aأطفال مرحلة متوسطة ( 6-9 سنة )
700 1 _aعويس، فريدة
_eCart.
942 _2ddc
_cBK
999 _c38580
_d38580